书目信息 |
| 题名: |
特大型工程投资项目的多主体冲突放大问题与治理
|
|
| 作者: | 黄德春 , 贺正齐 , 张长征 著 | |
| 分册: | ||
| 出版信息: | 北京 光明日报出版社 2020.2 |
|
| 页数: | 223页 | |
| 开本: | 24cm | |
| 丛书名: | 博士生导师学术文库 | |
| 单 册: | ||
| 中图分类: | F284 | |
| 科图分类: | ||
| 主题词: | 大型建设项目--da xing jian she xiang mu--工程项目管理--研究 | |
| 电子资源: | ||
| ISBN: | 978-7-5194-5361-9 | |
| 000 | 01300oam2 2200289 450 | |
| 001 | 2131758057 | |
| 005 | 20210930094421.0 | |
| 010 | @a978-7-5194-5361-9@b精装@dCNY93.00 | |
| 100 | @a20200430d2020 em y0chiy0120 ea | |
| 101 | 0 | @achi |
| 102 | @aCN@b110000 | |
| 105 | @aa z 000yy | |
| 106 | @ar | |
| 200 | 1 | @a特大型工程投资项目的多主体冲突放大问题与治理@Ate da xing gong cheng tou zi xiang mu de duo zhu ti chong tu fang da wen ti yu zhi li@f黄德春, 贺正齐, 张长征著 |
| 210 | @a北京@c光明日报出版社@d2020.2 | |
| 215 | @a223页@c图@d24cm | |
| 225 | 2 | @a博士生导师学术文库@Abo shi sheng dao shi xue shu wen ku |
| 300 | @a光明版 | |
| 330 | @a本书基于特大型工程项目社会稳定风险的特征,利用社会网络分析方法界定特大型工程项目社会稳定风险的关键主体,研究特大型工程项目多元主体冲突放大下的社会稳定风险扩散问题,探讨在复杂网络环境下特大型工程项目的多元主体冲突如何放大以及社会稳定风险如何扩散,并基于多元主体冲突放大与社会稳定风险扩散两个阶段提出分阶段的治理机制。 | |
| 461 | 0 | @12001 @a博士生导师学术文库 |
| 606 | 0 | @a大型建设项目@Ada xing jian she xiang mu@x工程项目管理@x研究 |
| 690 | @aF284@v5 | |
| 701 | 0 | @a黄德春@Ahuang de chun@4著 |
| 701 | 0 | @a贺正齐@Ahe zheng qi@4著 |
| 701 | 0 | @a张长征@Azhang chang zheng@4著 |
| 801 | 0 | @aCN@b百万庄@c20210930 |
| 905 | @b1303982-85@dF284@e1792@f4 | |
| 特大型工程投资项目的多主体冲突放大问题与治理/黄德春, 贺正齐, 张长征著.-北京:光明日报出版社,2020.2 |
| 223页:图;24cm.-(博士生导师学术文库) |
| 光明版 |
| ISBN 978-7-5194-5361-9(精装):CNY93.00 |
| 本书基于特大型工程项目社会稳定风险的特征,利用社会网络分析方法界定特大型工程项目社会稳定风险的关键主体,研究特大型工程项目多元主体冲突放大下的社会稳定风险扩散问题,探讨在复杂网络环境下特大型工程项目的多元主体冲突如何放大以及社会稳定风险如何扩散,并基于多元主体冲突放大与社会稳定风险扩散两个阶段提出分阶段的治理机制。 |
| ● |
| 相关链接 |
|
|
|
|
正题名:特大型工程投资项目的多主体冲突放大问题与治理
索取号:F284/1792
 
预约/预借
| 序号 | 登录号 | 条形码 | 馆藏地/架位号 | 状态 | 备注 |
| 1 | 1303982 | 213039825 | 第一样本阅览室/ [索取号:F284/1792] | 在馆 | |
| 2 | 1303983 | 213039834 | 第一借阅区/ [索取号:F284/1792] | 在馆 | |
| 3 | 1303984 | 213039843 | 第一借阅区/ [索取号:F284/1792] | 在馆 | |
| 4 | 1303985 | 213039852 | 第一借阅区/ [索取号:F284/1792] | 在馆 |